<?xml version="1.0" encoding="UTF-8"?>
<record
    xmlns:xsi="http://www.w3.org/2001/XMLSchema-instance"
    xsi:schemaLocation="http://www.loc.gov/MARC21/slim http://www.loc.gov/standards/marcxml/schema/MARC21slim.xsd"
    xmlns="http://www.loc.gov/MARC21/slim">

  <leader>01670cam a2200421 a 4500</leader>
  <controlfield tag="001">15434318</controlfield>
  <controlfield tag="003">OSt</controlfield>
  <controlfield tag="005">20231110104544.0</controlfield>
  <controlfield tag="008">080830s2007    su       b    000 0beng d</controlfield>
  <datafield tag="010" ind1=" " ind2=" ">
    <subfield code="a">  2008334033</subfield>
  </datafield>
  <datafield tag="020" ind1=" " ind2=" ">
    <subfield code="a">9960983692</subfield>
  </datafield>
  <datafield tag="020" ind1=" " ind2=" ">
    <subfield code="a">9789960983691</subfield>
  </datafield>
  <datafield tag="035" ind1=" " ind2=" ">
    <subfield code="a">(OCoLC)ocn184963838</subfield>
  </datafield>
  <datafield tag="040" ind1=" " ind2=" ">
    <subfield code="a">HLS</subfield>
    <subfield code="c">HLS</subfield>
    <subfield code="d">OCLCQ</subfield>
    <subfield code="d">OCLCG</subfield>
    <subfield code="d">PAU</subfield>
    <subfield code="d">DLC</subfield>
  </datafield>
  <datafield tag="041" ind1="1" ind2=" ">
    <subfield code="a">eng</subfield>
    <subfield code="h">ara</subfield>
  </datafield>
  <datafield tag="042" ind1=" " ind2=" ">
    <subfield code="a">lccopycat</subfield>
    <subfield code="a">lcode</subfield>
  </datafield>
  <datafield tag="050" ind1="0" ind2="0">
    <subfield code="a">BP80.T56</subfield>
    <subfield code="b">I2513 2007</subfield>
  </datafield>
  <datafield tag="066" ind1=" " ind2=" ">
    <subfield code="c">(3</subfield>
  </datafield>
  <datafield tag="082" ind1=" " ind2=" ">
    <subfield code="a">297.092</subfield>
    <subfield code="b">MAW/B</subfield>
  </datafield>
  <datafield tag="100" ind1="1" ind2=" ">
    <subfield code="6">880-01</subfield>
    <subfield code="a">Ibn &#x2BB;Abdul-Maujood, Salaahud-Deen ibn &#x2BB;Alee.</subfield>
  </datafield>
  <datafield tag="240" ind1="1" ind2="0">
    <subfield code="6">880-02</subfield>
    <subfield code="a">S&#x12B;rat al-Im&#x101;m al-Tirmidh&#x12B;.</subfield>
    <subfield code="l">English</subfield>
  </datafield>
  <datafield tag="245" ind1="1" ind2="4">
    <subfield code="a">The biography of Im&#x101;m at-Tirmidh&#x12B; =</subfield>
    <subfield code="b">S&#x12B;rat al-Im&#x101;m al-Tirmidh&#x12B; /</subfield>
    <subfield code="c">by Salahuddin &#x2BB;Ali Abdul Mawjood ; translated by Abu Bakr ibn Nasir.</subfield>
  </datafield>
  <datafield tag="246" ind1="3" ind2="1">
    <subfield code="6">880-03</subfield>
    <subfield code="a">S&#x12B;rat al-Im&#x101;m al-Tirmidh&#x12B;</subfield>
  </datafield>
  <datafield tag="250" ind1=" " ind2=" ">
    <subfield code="a">1st ed.</subfield>
  </datafield>
  <datafield tag="260" ind1=" " ind2=" ">
    <subfield code="a">Riyadh ;</subfield>
    <subfield code="a">New York :</subfield>
    <subfield code="b">Darussalam,</subfield>
    <subfield code="c">2007.</subfield>
  </datafield>
  <datafield tag="300" ind1=" " ind2=" ">
    <subfield code="a">372 p. ;</subfield>
    <subfield code="c">22 cm.</subfield>
  </datafield>
  <datafield tag="504" ind1=" " ind2=" ">
    <subfield code="a">Includes bibliographical references.</subfield>
  </datafield>
  <datafield tag="600" ind1="1" ind2="0">
    <subfield code="a">Tirmidh&#x12B;, Mu&#x1E25;ammad ibn &#x2BB;&#x12A;s&#xE1;,</subfield>
    <subfield code="d">-892.</subfield>
  </datafield>
  <datafield tag="650" ind1=" " ind2="0">
    <subfield code="a">Hadith scholars</subfield>
    <subfield code="v">Biography.</subfield>
  </datafield>
  <datafield tag="650" ind1=" " ind2="0">
    <subfield code="a">Muslim scholars</subfield>
    <subfield code="v">Biography.</subfield>
  </datafield>
  <datafield tag="700" ind1="1" ind2=" ">
    <subfield code="a">Ibn Nasir, Abu Bakr.</subfield>
  </datafield>
  <datafield tag="880" ind1="1" ind2=" ">
    <subfield code="6">100-01/(3/r&#x200F;</subfield>
    <subfield code="a">&#x200F;&#x627;&#x628;&#x646; &#x639;&#x628;&#x62F; &#x627;&#x644;&#x645;&#x648;&#x62C;&#x648;&#x62F;&#x60C; &#x635;&#x644;&#x627;&#x62D; &#x627;&#x644;&#x62F;&#x64A;&#x646; &#x628;&#x646; &#x639;&#x644;&#x64A;.</subfield>
  </datafield>
  <datafield tag="880" ind1="1" ind2="0">
    <subfield code="6">240-02/(3/r&#x200F;</subfield>
    <subfield code="a">&#x200F;&#x633;&#x64A;&#x631;&#x629; &#x627;&#x644;&#x625;&#x645;&#x627;&#x645; &#x627;&#x644;&#x62A;&#x631;&#x645;&#x630;&#x64A;.&#x200F;</subfield>
    <subfield code="l">&#x200F;&#x625;&#x646;&#x62C;&#x644;&#x64A;&#x632;&#x64A;</subfield>
  </datafield>
  <datafield tag="880" ind1="3" ind2="1">
    <subfield code="6">246-03/(3/r&#x200F;</subfield>
    <subfield code="a">&#x200F;&#x633;&#x64A;&#x631;&#x629; &#x627;&#x644;&#x625;&#x645;&#x627;&#x645; &#x627;&#x644;&#x62A;&#x631;&#x645;&#x630;&#x64A;</subfield>
  </datafield>
  <datafield tag="906" ind1=" " ind2=" ">
    <subfield code="a">7</subfield>
    <subfield code="b">cbc</subfield>
    <subfield code="c">copycat</subfield>
    <subfield code="d">3</subfield>
    <subfield code="e">ncip</subfield>
    <subfield code="f">20</subfield>
    <subfield code="g">y-nonroman</subfield>
  </datafield>
  <datafield tag="942" ind1=" " ind2=" ">
    <subfield code="2">ddc</subfield>
    <subfield code="c">BK</subfield>
    <subfield code="h">297.092</subfield>
    <subfield code="i">MAW/B</subfield>
    <subfield code="k">297.092</subfield>
    <subfield code="m">MAW/B</subfield>
  </datafield>
  <datafield tag="952" ind1=" " ind2=" ">
    <subfield code="0">0</subfield>
    <subfield code="1">0</subfield>
    <subfield code="2">ddc</subfield>
    <subfield code="4">0</subfield>
    <subfield code="7">0</subfield>
    <subfield code="8">ISLAM</subfield>
    <subfield code="a">MES</subfield>
    <subfield code="b">MES</subfield>
    <subfield code="c">ISL</subfield>
    <subfield code="d">2024-01-06</subfield>
    <subfield code="l">0</subfield>
    <subfield code="o">297.092 MAW/B</subfield>
    <subfield code="p">44539</subfield>
    <subfield code="r">2024-01-06 12:37:18</subfield>
    <subfield code="v">1560.00</subfield>
    <subfield code="w">2024-01-06</subfield>
    <subfield code="y">BK</subfield>
    <subfield code="z">GL49R3</subfield>
  </datafield>
  <datafield tag="999" ind1=" " ind2=" ">
    <subfield code="c">43018</subfield>
    <subfield code="d">43018</subfield>
  </datafield>
</record>
